00334nam a2200121Ia 4500008004100000040001600041041001200057082001700069100002200086245005700108260003600165300001100201230917s9999||||xx |||||||||||||| ||und|| e83480aMAIN aEnglish a823.09 K146R aKarl, Frederick R 0aReader's guide to great 20th century: English novels aLondonbThames and Hudsonc1959 a293 p.